<?xml version="1.0" encoding="UTF-8"?>
<record
    xmlns:xsi="http://www.w3.org/2001/XMLSchema-instance"
    xsi:schemaLocation="http://www.loc.gov/MARC21/slim http://www.loc.gov/standards/marcxml/schema/MARC21slim.xsd"
    xmlns="http://www.loc.gov/MARC21/slim">

  <leader>05169nam a2200361 a 4500</leader>
  <controlfield tag="003">CHAP</controlfield>
  <controlfield tag="005">20241108132005.0</controlfield>
  <controlfield tag="007">ta</controlfield>
  <controlfield tag="008">241108s2009    mx ado||rm||| 001 0 spa d</controlfield>
  <datafield tag="040" ind1=" " ind2=" ">
    <subfield code="a">mxchpua</subfield>
    <subfield code="c">CHAP</subfield>
  </datafield>
  <datafield tag="041" ind1="0" ind2=" ">
    <subfield code="a">spa</subfield>
    <subfield code="b">emg</subfield>
  </datafield>
  <datafield tag="090" ind1=" " ind2=" ">
    <subfield code="a">Tesis </subfield>
    <subfield code="b">G662 </subfield>
    <subfield code="c">2009</subfield>
  </datafield>
  <datafield tag="100" ind1="1" ind2=" ">
    <subfield code="a">G&#xF3;mez Guti&#xE9;rrez, Jes&#xFA;s</subfield>
  </datafield>
  <datafield tag="240" ind1="1" ind2="0">
    <subfield code="a">Obtaining of a product (pinole) from cereals and legumes with high essential amino acids contained.</subfield>
    <subfield code="l">Espa&#xF1;ol</subfield>
  </datafield>
  <datafield tag="245" ind1="1" ind2="0">
    <subfield code="a">Obtenci&#xF3;n de una golosina (pinole) a base de cereales y leguminosas con alto contenido de amino&#xE1;cidos esenciales /</subfield>
    <subfield code="c">Jes&#xFA;s G&#xF3;mez Guti&#xE9;rrez</subfield>
  </datafield>
  <datafield tag="264" ind1=" " ind2=" ">
    <subfield code="a">Chapingo, M&#xE9;xico :</subfield>
    <subfield code="b">El autor,</subfield>
    <subfield code="c">2009</subfield>
  </datafield>
  <datafield tag="300" ind1=" " ind2=" ">
    <subfield code="a">xi, 86 hojas :</subfield>
    <subfield code="b">ilustraciones, tablas, gr&#xE1;ficas, fotograf&#xED;as +</subfield>
  </datafield>
  <datafield tag="336" ind1=" " ind2=" ">
    <subfield code="2">rdacontent</subfield>
    <subfield code="a">texto</subfield>
    <subfield code="b">txt</subfield>
  </datafield>
  <datafield tag="337" ind1=" " ind2=" ">
    <subfield code="2">rdamedia</subfield>
    <subfield code="a">sin medio</subfield>
    <subfield code="b">n</subfield>
  </datafield>
  <datafield tag="338" ind1=" " ind2=" ">
    <subfield code="2">rdacarrier</subfield>
    <subfield code="a">volumen</subfield>
    <subfield code="b">nc</subfield>
  </datafield>
  <datafield tag="502" ind1=" " ind2=" ">
    <subfield code="a">Tesis</subfield>
    <subfield code="b">(Ingeniero Agroindustrial) --</subfield>
    <subfield code="c">UACh. Departamento de Ingenier&#xED;a Agroindustrial,</subfield>
    <subfield code="d">2009</subfield>
  </datafield>
  <datafield tag="504" ind1=" " ind2=" ">
    <subfield code="a">Bibliograf&#xED;a : hojas 62-69</subfield>
  </datafield>
  <datafield tag="520" ind1="3" ind2=" ">
    <subfield code="a">La combinaci&#xF3;n de cereales y leguminosas en una golosina como el pinole da como resultados un incremento en la calidad proteica debido a los amino&#xE1;cidos presentes en el mismo; las prote&#xED;nas de las leguminosas complementan a las de los cereales con el amino&#xE1;cido esencial lisina. Los objetivos de esta investigaci&#xF3;n fueron medir el contenido de prote&#xED;na, lisina y tript&#xF3;fano as&#xED; como la calidad organol&#xE9;ptica en pinole (mediante la mezcla de ma&#xED;z y leguminosas) con la finalidad de obtener una golosina con un elevado contenido de amino&#xE1;cidos esenciales mediante: Ma&#xED;z de Calidad Proteica (QPM), ma&#xED;z azul (Zea maiz L.), garbanzo (Cicer arietinum L.) y haba (Vicia faba L.). Se estudiaron dos dietas a base de pinole: D1 (la primera con la mezcla de QPM, garbanzo y haba), y otra dieta D2 (a base de ma&#xED;z azul ) en comparaci&#xF3;n con un alimento balanceado comercial para peque&#xF1;os roedores tomando como par&#xE1;metro evaluativo, la ganancia en peso en ratas Wistar (Rattus norvergicus albinus) de un Bioter&#xED;o. Se realiz&#xF3; un an&#xE1;lisis qu&#xED;mico proximal donde se determin&#xF3; la cantidad de amino&#xE1;cidos esenciales como lisina, tript&#xF3;fano y cantidad de prote&#xED;na, as&#xED; como una evaluaci&#xF3;n sensorial a consumidores para determinar la aceptabilidad y preferencia del pinole. Finalmente, esta golosina es una buena fuente de prote&#xED;nas, ya que contiene un 18.12% de prote&#xED;nas, superior a los pinoles elaborados solamente con cada uno de los componentes que conformaron la mezcla, adem&#xE1;s que la preferencia y la aceptabilidad por los consumidores es buena y los resultados confirmaron que una optima combinaci&#xF3;n de cereales con leguminosas eleva la calidad de sus prote&#xED;nas sin llegar a afectar la palatabilidad de la golosina. Con la mezcla de pinole el contenido de lisina fue de 5.76 g/100 g de prote&#xED;na y el contenido de tript&#xF3;fano de 1.06 g/100 g de prote&#xED;na, dos veces m&#xE1;s elevado que los pinoles comerciales elaborados con ma&#xED;z.</subfield>
  </datafield>
  <datafield tag="520" ind1="3" ind2=" ">
    <subfield code="a">The combination of cereals and legumes in a Pinole&#xB4;s product gives like result an increase in the quality of proteins by the amino acids complement; proteins of the legumes complement to cereals with the lysine amino acid. The purposes of this study (investigation) were to measure the protein, the flavor quality and to quantify the lysine and tryptophan content in a Pinole type, in order to obtain a Pinole with high essential aminoacids quality, a combination of cereal and legumes: Quality Protein Maize (QMP), blue maize (Zea maiz L.), chickpea (Cicer arietinum L.) and broad bean (Vicia faba L.). In this investigation has been studied two pinoles diets: D1 (mixture about chickpea, QPM and broad faba) and D2 (blue maize) in comparison with a comercial product for little rats, taking how evaluative parameter the weight in rats Wistar (Rattus norvergicus albinus) of Bioter&#xED;o. A proximal chemical analysis was done and was determined the profile of essential amino acids like lysine, tryptophan and proteins. A sensorial evaluation was done to determinate the acceptance and preference of this Pinole&#xB4;s product for consumers. And finally this product is a good source of protein with 18.12%, it was superior to pinoles elaborated with only single one of the grains that conform the mixture and the acceptance and preference by consumers is good and the results confirmed that an optimal cereal combination with legumes elevates the quality of the protein without to become to affect the palatable of this product. The content of lysine in the Pinole&#xB4;s mixture was about 5.76 g/100 g of protein and the content of tryptophan was about 1.06 g/100 g of protein, this concentration was twice up to each others, like pinoles made only with corn.</subfield>
  </datafield>
  <datafield tag="650" ind1="1" ind2="3">
    <subfield code="a">Golosinas</subfield>
    <subfield code="2">atg</subfield>
    <subfield code="x">Alimentos de granos</subfield>
    <subfield code="x">Legumbres</subfield>
  </datafield>
  <datafield tag="650" ind1="1" ind2="3">
    <subfield code="a">Candy  </subfield>
    <subfield code="2">atg</subfield>
    <subfield code="x">Grain foods</subfield>
    <subfield code="y">Legumes</subfield>
  </datafield>
  <datafield tag="700" ind1="1" ind2=" ">
    <subfield code="a">Sol&#xF3;rzano Vega, Esteban</subfield>
    <subfield code="e">director</subfield>
  </datafield>
  <datafield tag="700" ind1="1" ind2=" ">
    <subfield code="a">Esparza Torres, F&#xE9;lix</subfield>
    <subfield code="e">asesor</subfield>
  </datafield>
  <datafield tag="700" ind1="1" ind2=" ">
    <subfield code="a">V&#xE1;zquez Carrillo, Mar&#xED;a Gricelda</subfield>
    <subfield code="e">asesora</subfield>
  </datafield>
  <datafield tag="856" ind1="4" ind2="1">
    <subfield code="u">http://10.13.5.2/tesis/108470.pdf</subfield>
    <subfield code="y">DESCARGAR PDF</subfield>
  </datafield>
  <datafield tag="901" ind1=" " ind2=" ">
    <subfield code="a">Tesis G662 2009</subfield>
  </datafield>
  <datafield tag="942" ind1=" " ind2=" ">
    <subfield code="2">Clasificaci&#xF3;n Universidad Aut&#xF3;noma Chapingo</subfield>
    <subfield code="c">Tesis</subfield>
  </datafield>
  <datafield tag="999" ind1=" " ind2=" ">
    <subfield code="c">220248</subfield>
    <subfield code="d">220248</subfield>
  </datafield>
  <datafield tag="952" ind1=" " ind2=" ">
    <subfield code="0">0</subfield>
    <subfield code="1">0</subfield>
    <subfield code="2">local</subfield>
    <subfield code="4">0</subfield>
    <subfield code="5">1</subfield>
    <subfield code="7">0</subfield>
    <subfield code="8">TESIS</subfield>
    <subfield code="a">IA_</subfield>
    <subfield code="b">IA_</subfield>
    <subfield code="d">2024-11-08</subfield>
    <subfield code="e">El autor</subfield>
    <subfield code="l">0</subfield>
    <subfield code="o">Tesis G662 2009</subfield>
    <subfield code="p">1101013972</subfield>
    <subfield code="r">2026-02-02 00:00:00</subfield>
    <subfield code="t">Ej.1</subfield>
    <subfield code="w">2024-11-08</subfield>
    <subfield code="y">TESIS</subfield>
  </datafield>
  <datafield tag="952" ind1=" " ind2=" ">
    <subfield code="0">0</subfield>
    <subfield code="1">0</subfield>
    <subfield code="2">local</subfield>
    <subfield code="4">0</subfield>
    <subfield code="5">5</subfield>
    <subfield code="7">0</subfield>
    <subfield code="8">TESIS</subfield>
    <subfield code="a">IA_</subfield>
    <subfield code="b">IA_</subfield>
    <subfield code="d">2024-11-08</subfield>
    <subfield code="e">El autor</subfield>
    <subfield code="l">1</subfield>
    <subfield code="o">Tesis G662 2009</subfield>
    <subfield code="p">1101013973</subfield>
    <subfield code="r">2026-02-02 00:00:00</subfield>
    <subfield code="s">2024-11-22</subfield>
    <subfield code="t">Ej.2</subfield>
    <subfield code="w">2024-11-08</subfield>
    <subfield code="y">TESIS</subfield>
  </datafield>
  <datafield tag="952" ind1=" " ind2=" ">
    <subfield code="0">0</subfield>
    <subfield code="1">0</subfield>
    <subfield code="2">local</subfield>
    <subfield code="4">0</subfield>
    <subfield code="7">0</subfield>
    <subfield code="8">TesDigL</subfield>
    <subfield code="a">IA_</subfield>
    <subfield code="b">IA_</subfield>
    <subfield code="c">E_L</subfield>
    <subfield code="d">2024-11-08</subfield>
    <subfield code="e">El autor</subfield>
    <subfield code="l">0</subfield>
    <subfield code="p">1201013972</subfield>
    <subfield code="r">2024-11-08 13:24:54</subfield>
    <subfield code="w">2024-11-08</subfield>
    <subfield code="y">TD</subfield>
  </datafield>
</record>
